MARC details
| 000 -LEADER |
| fixed length control field |
02098cam a22004697a 4500 |
| 001 - CONTROL NUMBER |
| control field |
1856 |
| 003 - CONTROL NUMBER IDENTIFIER |
| control field |
FISKH |
| 005 - DATE AND TIME OF LATEST TRANSACTION |
| control field |
20231005095554.0 |
| 008 - FIXED-LENGTH DATA ELEMENTS--GENERAL INFORMATION |
| fixed length control field |
121218s2012 nyuab j 000 1 eng d |
| 010 ## - LIBRARY OF CONGRESS CONTROL NUMBER |
| LC control number |
2011287965 |
| 020 ## - INTERNATIONAL STANDARD BOOK NUMBER |
| International Standard Book Number |
9781402798061 (hardcover) |
| 020 ## - INTERNATIONAL STANDARD BOOK NUMBER |
| International Standard Book Number |
1402798067 (hardcover) |
| 020 ## - INTERNATIONAL STANDARD BOOK NUMBER |
| International Standard Book Number |
9781402798450 (ebook) |
| 035 ## - SYSTEM CONTROL NUMBER |
| System control number |
(OCoLC)ocn770070668 |
| 040 ## - CATALOGING SOURCE |
| Original cataloging agency |
UPZ |
| Transcribing agency |
UPZ |
| Modifying agency |
BTCTA |
| -- |
BDX |
| -- |
BKX |
| -- |
QBX |
| -- |
YDXCP |
| -- |
DLC |
| Language of cataloging |
eng |
| 042 ## - AUTHENTICATION CODE |
| Authentication code |
lccopycat |
| 050 00 - LIBRARY OF CONGRESS CALL NUMBER |
| Classification number |
PZ7.E8916 |
| Item number |
Hom 2012 |
| 082 04 - DEWEY DECIMAL CLASSIFICATION NUMBER |
| Classification number |
823.92 |
| Edition number |
23 |
| 100 1# - MAIN ENTRY--PERSONAL NAME |
| Personal name |
Evans, Lissa. |
| 245 10 - TITLE STATEMENT |
| Title |
Horten's miraculous mechanisms : |
| Remainder of title |
magic, mystery & a very strange adventure / |
| Statement of responsibility, etc. |
by Lissa Evans. |
| 260 ## - PUBLICATION, DISTRIBUTION, ETC. |
| Place of publication, distribution, etc. |
New York : |
| Name of publisher, distributor, etc. |
Scholastic, |
| Date of publication, distribution, etc. |
2012. |
| 300 ## - PHYSICAL DESCRIPTION |
| Extent |
270 pages : |
| Other physical details |
illustrations ; map ; |
| Dimensions |
19 cm. |
| 500 ## - GENERAL NOTE |
| General note |
Map on endpapers. |
| 500 ## - GENERAL NOTE |
| General note |
"Originally published in 2011 in Great Britain as Small change for Stuart"--T.p. verso. |
| 505 ## - FORMATTED CONTENTS NOTE |
| Formatted contents note |
T<br/> |
| 520 ## - SUMMARY, ETC. |
| Summary, etc. |
As if being small and having S. Horten as his name isn't bad enough, now 10-year-old Stuart is forced to move far away from all his friends. But on his very first day in his new home, Stuart's swept up in an extraordinary adventure: the quest to find his great-uncle Tony--a famous magician who literally disappeared off the face of the earth--and Tony's marvelous, long-lost workshop. |
| 521 8# - TARGET AUDIENCE NOTE |
| Target audience note |
810<br/> |
| Source |
Lexile<br/> |
| 521 8# - TARGET AUDIENCE NOTE |
| Target audience note |
T<br/><br/> |
| Source |
Raz-Plus<br/> |
| 650 #0 - SUBJECT ADDED ENTRY--TOPICAL TERM |
| Topical term or geographic name entry element |
Missing persons |
| Form subdivision |
Juvenile fiction. |
| 650 #0 - SUBJECT ADDED ENTRY--TOPICAL TERM |
| Topical term or geographic name entry element |
Magicians |
| Form subdivision |
Juvenile fiction. |
| 650 #1 - SUBJECT ADDED ENTRY--TOPICAL TERM |
| Topical term or geographic name entry element |
Missing persons |
| Form subdivision |
Fiction. |
| 650 #1 - SUBJECT ADDED ENTRY--TOPICAL TERM |
| Topical term or geographic name entry element |
Magicians |
| Form subdivision |
Fiction. |
| 650 #1 - SUBJECT ADDED ENTRY--TOPICAL TERM |
| Topical term or geographic name entry element |
Adventure and adventurers |
| Form subdivision |
Fiction. |
| 650 #1 - SUBJECT ADDED ENTRY--TOPICAL TERM |
| Topical term or geographic name entry element |
Mystery and detective stories. |
| 650 #1 - SUBJECT ADDED ENTRY--TOPICAL TERM |
| Topical term or geographic name entry element |
Fantasy. |
| 655 #0 - INDEX TERM--GENRE/FORM |
| Genre/form data or focus term |
Fantasy fiction. |
| 856 42 - ELECTRONIC LOCATION AND ACCESS |
| Materials specified |
Contributor biographical information |
| Uniform Resource Identifier |
<a href="http://www.loc.gov/catdir/enhancements/fy1306/2011287965-b.html">http://www.loc.gov/catdir/enhancements/fy1306/2011287965-b.html</a> |
| 856 42 - ELECTRONIC LOCATION AND ACCESS |
| Materials specified |
Publisher description |
| Uniform Resource Identifier |
<a href="http://www.loc.gov/catdir/enhancements/fy1306/2011287965-d.html">http://www.loc.gov/catdir/enhancements/fy1306/2011287965-d.html</a> |
| 906 ## - LOCAL DATA ELEMENT F, LDF (RLIN) |
| a |
7 |
| b |
cbc |
| c |
copycat |
| d |
2 |
| e |
ncip |
| f |
20 |
| g |
y-gencatlg |
| 942 ## - ADDED ENTRY ELEMENTS (KOHA) |
| Source of classification or shelving scheme |
Dewey Decimal Classification |
| Koha item type |
Books |
| Suppress in OPAC |
No |